Implementácia zlatého pravidla v skúmanej organizácii terciárnej sféry bakalárska práca

Saved in:
Bibliographic Details
Main Author: Papcunová, Viktória
Corporate Author: Podnikovohospodárska fakulta EU so sídlom v Košiciach. Katedra ekonómie
Other Authors: Pružinský, Michal, 1952-
Format: Book
Language:Slovak
Published: Košice 2022
Tags: Add Tag
No Tags, Be the first to tag this record!

MARC

LEADER 00000nbm a2200000 4500
001 0287386
005 20240827092412.1
041 0 |a slo 
044 |a SK 
245 1 0 |a Implementácia zlatého pravidla v skúmanej organizácii terciárnej sféry  |b bakalárska práca  |c Viktória Papcunová ; školiteľ: Michal Pružinský 
264 1 |a Košice  |c 2022 
300 |a 41 s. 
100 1 |a Papcunová, Viktória 
700 1 |a Pružinský, Michal, 1952- 
710 2 |a Podnikovohospodárska fakulta EU so sídlom v Košiciach. Katedra ekonómie